000 00858nam a2200265 i 4500
001 66451
003 ES-MaACL
005 20260621125547.0
007 t|
008 021024s2002 sp ||||0| spa d
020 _a84-339-6181-0
040 _aM-BN
_bspa
_cM-BN
080 _a82.09"19"
100 0 _aBeigbeder, Frédéric,
_d1965-
_927067
245 1 0 _aUltimo inventario antes de liquidación /
_cFrédéric Beigdeber ; traducción de Sergi Páamies.
260 _aBarcelona :
_bAnagrama,
_c[2002]
300 _a213 p ;
_c22 cm.
490 1 _aColección Argumentos ;
_v290
650 4 _aLiteratura-
_yS.XX-
_xHistoria y crítica.
_9139829
700 1 _aPamies, Sergio,
_d1983-
_9131444
830 0 _aColección Argumentos ;
_v290
_9178071
852 _aES-MaACL
_jL-26911
_bR.132578
999 _c66451
_d66451